00852cam a2200241 a 450000100100000000500170001000800410002702000150006804000300008308200170011310000400013024500730017026000350024330000210027849000260029965000300032565000310035583000460038691000340043204900090046695201200047599900150059500000469320200929151501.0830615s1982 sp b 000 0 spa  a8423965031 aDO-SdBNPcDLCdDLCdOCoLC a850.9bA668L1 aArce, Joaquín,d1924-1982.91366710aLiteraturas italiana y española frente a frente /cJoaquín Arce. aMadrid :bEspasa-Calpe,c1982. a357 p. ;c21 cm. 1aEspasa universitaria. 4aLiteratura italiana93329 4aLiteratura española9632 0aEspasa universitaria.pLiteratura.913668 aCatalogación por copia / LC aBNGR 001052708MOaGRbGRcCTd2009-07-24iLF1l0o850.9 A668Lp4693-10r2020-06-25w2020-06-25y2ZPréstamo interno c4499d4499